| 000 | 00672cam a2200253 4500 | ||
|---|---|---|---|
| 001 | 31789 | ||
| 003 | BD-RjUL | ||
| 005 | 20211209051740.0 | ||
| 008 | 140422s1960 nyu 00100 eng d | ||
| 035 | _a(BD-RjUL)31877 | ||
| 040 |
_aDLC _cDLC _dm.c. _dBD-RjUL _beng |
||
| 041 | _aeng | ||
| 082 |
_a320.011 _bRAA 1960 |
||
| 090 |
_aB485 _b.R3 1960 |
||
| 100 | 1 | 0 |
_aRandall, John Herman, _d1899- _986501 |
| 245 | 0 | 0 | _aAristotle / |
| 260 |
_aNew York : _bColumbia University Press, _c1960. |
||
| 300 |
_axv, 309 p. ; _c23 cm. |
||
| 504 | _aIncludes index. | ||
| 600 | 0 | 0 |
_aAristotle. _996775 |
| 650 |
_aAristotle. _996773 |
||
| 942 |
_2ddc _cBK |
||
| 999 |
_c31789 _d31789 |
||